MARC

LEADER 00000nam0a2200000 4500
001 273829
005 20231101234652.0
020 |a RU  |b 87-69781 
035 |a (RuTPU)RU\TPU\book\297039 
090 |a 273829 
100 |a 20141029d1987 k y0rusy5003 ca 
101 0 |a rus 
102 |a RU 
105 |a y z 001zy 
200 1 |a Проблема времени и неопределенность  |e монография  |f А. М. Жаров  |g Ленинградский финансово-экономический институт им. Н. А. Вознесенского (ЛФЭИ) ; под ред. В. Г. Иванова 
210 |a Ростов-на-Дону  |c Изд-во Ростовского ун-та  |d 1987 
215 |a 160 с. 
320 |a Библиогр. в примеч.: с. 152-160 
606 1 |a Определенность и неопределенность  |x Философия  |2 stltpush  |3 (RuTPU)RU\TPU\subj\47114  |9 66181 
606 1 |a Время  |x Философия  |2 stltpush  |3 (RuTPU)RU\TPU\subj\3743  |9 32110 
610 1 |a неопределенность 
610 1 |a определенность 
610 1 |a диалектика 
610 1 |a бесконечность 
610 1 |a необратимость 
686 |a Ю212.89  |2 rubbk 
686 |a Ю212.13  |2 rubbk 
700 1 |a Жаров  |b А. М. 
702 1 |a Иванов  |b В. Г.  |4 340 
712 0 2 |a Ленинградский финансово-экономический институт им. Н. А. Вознесенского (ЛФЭИ)  |c (1930-1991)  |2 stltpush  |3 (RuTPU)RU\TPU\col\5601 
801 0 |a RU  |b RuMRKP  |c 19950417  |g psbo 
801 1 |a RU  |b 63413507  |c 20141029 
801 2 |a RU  |b 63413507  |c 20170116  |g RCR 
942 |c BK